|
|
|
|
| LEADER |
00820nam a22002415a 4500 |
| 001 |
7079 |
| 003 |
BD-DhAAL |
| 005 |
20150914103117.0 |
| 008 |
150914s2011 nyu 000 0 eng |
| 010 |
|
|
|a 2012419878
|
| 020 |
|
|
|a 0131257870
|
| 020 |
|
|
|a 9780558868116
|
| 040 |
|
|
|a DLC
|c DLC
|d BD-DhAAL
|
| 082 |
|
|
|a 507.1/2173/2
|
| 245 |
0 |
0 |
|a Prentice Hall science explorer /
|c Learning Solutions.
|
| 260 |
|
|
|a New York :
|b Learning Solutions,
|c c2005.
|
| 300 |
|
|
|a 816 p. ;
|c 28 cm.
|
| 490 |
0 |
|
|a Cells and heredity
|
| 541 |
|
|
|e 7079
|
| 650 |
|
|
|a Science -- Study and teaching (Middle school)
|9 14628
|
| 942 |
|
|
|2 ddc
|c BK
|
| 999 |
|
|
|c 35528
|d 35528
|
| 952 |
|
|
|0 0
|1 0
|2 ddc
|4 0
|6 507_100000000000000_2173_2_PRE
|7 0
|9 55880
|a SCL
|b SCL
|c GEN
|d 2015-09-14
|e Gift: The Asia Foundation
|l 0
|o 507.121732 PRE
|p 3020007079
|r 2015-09-14
|t 1
|w 2015-09-14
|y BK
|